| 000 | 01404cam a22003131i 4500 | ||
|---|---|---|---|
| 003 | SA-RiAUC | ||
| 005 | 20250727045918.0 | ||
| 008 | 250725s2007 le g 00010 ara d | ||
| 040 |
_aSA-RiIMS _bara _cSA-RiAUC _erda |
||
| 043 | _aa-iq--- | ||
| 082 | 0 | 4 |
_a027.1567 _qSA-RiAUC |
| 090 |
_a027.1567 _bب ا ش |
||
| 100 | 1 |
_aباش أعيان، أحمد برهان الدين، _d1950- _eمؤلف. |
|
| 245 | 1 | 2 |
_aالمكتبة العباسية : _bتاريخها ومخطوطاتها / _cإعداد أحمد برهان الدين باش أعيان، عبد الجبار عبد الرحمن، علي الخاقاني. |
| 250 | _aالطبعة الأولى. | ||
| 264 | 1 |
_aبيروت : _bالدار العربية للموسوعات، _c2007. |
|
| 300 |
_a356 صفحة ؛ _c25 سم |
||
| 336 |
_aنص _btxt _2rdacontent _3كتاب |
||
| 337 |
_aبدون وسيط _bn _2rdamedia |
||
| 338 |
_aمجلد _bnc _2rdacarrier |
||
| 590 | _aالسناني. | ||
| 610 | 2 | 7 |
_aالمكتبة العباسية (البصرة، العراق) _xتاريخ _2aucnm |
| 650 | 7 |
_aالمكتبات العامة _zالعراق _xتاريخ _2aucsh |
|
| 650 | 7 |
_aالمخطوطات العربية _zالعراق _2aucsh |
|
| 700 | 1 |
_aعبد الرحمن، عبد الجبار _eمؤلف. |
|
| 700 | 1 |
_aالخاقاني، علي، _d1911-1979 _eمؤلف. |
|
| 942 |
_2ddc _cBOOK _n0 |
||
| 949 |
_aSA-JeALM _d250725 _umohamedma123 _n1 |
||
| 999 |
_c10302 _d10302 |
||